|
|
|
|
| LEADER |
01074nam a22001937a 4500 |
| 001 |
31348 |
| 008 |
171129t2011 bg a|||| ||||f00| 0 eng d |
| 999 |
|
|
|c 38666
|d 38666
|
| 082 |
|
|
|2 21
|a 362.73095492
|
| 245 |
|
|
|a Sector development plan (SDP) for water supply and sanitation sector in Bangladesh (FY2011-25) :
|b summary version
|
| 260 |
|
|
|a Dhaka :
|b Local Government Division, Ministry of Local Government, Rural Development and Cooperatives, Government of the People's Republic of Bangladesh,
|c 2011
|
| 300 |
|
|
|a iii, 46 pages :
|b illustrations ;
|c 28 cm.
|
| 526 |
|
|
|a AAL
|
| 541 |
|
|
|a Complementary copy
|e 31348
|
| 650 |
|
|
|a Water-Supply
|x Sanitation
|z Bangladesh
|9 24053
|
| 710 |
|
|
|a Government of the People's Republic of Bangladesh
|b Local Government Division, Ministry of Local Government, Rural Development and Cooperatives
|9 24054
|
| 852 |
|
|
|a Ayesha Abed Library
|
| 942 |
|
|
|2 ddc
|c BK
|
| 952 |
|
|
|0 0
|1 4
|2 ddc
|4 0
|6 362_730954920000000_SEC
|7 0
|9 62037
|a BRACUL
|b BRACUL
|c GEN
|d 2017-11-29
|e Complementary copy
|l 0
|o 362.73095492 SEC
|p 3010031348
|r 2017-11-29
|t 1
|w 2017-11-29
|y BK
|x Koha Inventory 2020
|